| 000 | 00541nam a2200181 i 4500 | ||
|---|---|---|---|
| 001 | 51957 | ||
| 003 | ES-MaACL | ||
| 005 | 20250529131007.0 | ||
| 007 | t| | ||
| 008 | 030821s1975 sp ||||1| spa d | ||
| 100 | 1 |
_aChiericati, Cesare. _938503 |
|
| 245 | 1 | 0 |
_aPro y contra Marx / _cpor Cesare Chiericati ; [traducción Mariano Tudela]. |
| 260 |
_a[Madrid : _bEdifrans, _c1975] |
||
| 300 |
_a159 p. : _bil. ; _c22 cm. |
||
| 700 | 1 |
_aTudela, Mariano, _d1925-2001 _9111632 |
|
| 852 |
_aES-MaACL _jE-8429 _bR.92691 |
||
| 999 |
_c51957 _d51957 |
||